The Victorian artist : artists' lifewritings in Britain, ca. 1870-1910
Literaturverz. S. 341 - 369
Gespeichert in:
| VerfasserIn: | |
|---|---|
| Dokumenttyp: | Buch |
| Sprache: | English |
| Veröffentlicht: |
Cambridge, UK [u.a.]
: Cambridge Univ. Press
, 2003
|
| Ausgabe: | 1. publ. |
| Schlagwörter: | |
| Online Zugang: | Rezension Rezension Sample text Publisher description Table of contents |
| Bibliogr. Hinweis: | Rezensiert in:
[Rezension von: Julie F. Codell, The Victorian artist] |
| Verantwortlich: | Julie F. Codell |
| LEADER | 06256cam a2201357 c 4500 | ||
|---|---|---|---|
| 001 | 352172185 | ||
| 003 | DE-627 | ||
| 005 | 20260613210305.0 | ||
| 007 | tu | ||
| 008 | 020805s2003 xxk||||| b 00| ||eng c | ||
| 010 | |a 2002074196 | ||
| 016 | 7 | |a 0521817579 |2 UK | |
| 020 | |a 0521817579 |q hardback |9 0-521-81757-9 | ||
| 024 | 3 | |a 9780521817578 | |
| 024 | 8 | |a 2002-74196 |q Identnummer | |
| 035 | |a (DE-627)352172185 | ||
| 035 | |a (DE-576)105687731 | ||
| 035 | |a (DE-599)GBV352172185 | ||
| 035 | |a (OCoLC)248964044 | ||
| 035 | |a (OCoLC)50271638 | ||
| 035 | |a (DE-604)BV014630033 | ||
| 035 | |a (JUB)b10151266 | ||
| 040 | |a DE-627 |b ger |c DE-627 |e rakwb | ||
| 041 | |a eng | ||
| 044 | |c XA-GB | ||
| 050 | 0 | |a N6767.5.V52 | |
| 082 | 0 | |a 709.4109034 | |
| 082 | 0 | |a 709/.41/09034 | |
| 084 | |a 9,10 |2 ssgn | ||
| 084 | |a HL 1401 |q OBV |2 rvk |0 (DE-625)rvk/50444: | ||
| 084 | |a LO 50090 |2 rvk |0 (DE-625)rvk/103757: | ||
| 084 | |a 18.05 |2 bkl | ||
| 084 | |a 17.84 |2 bkl | ||
| 084 | |a 20.10 |2 bkl | ||
| 100 | 1 | |a Codell, Julie F. |d 1945- |0 (DE-588)138324719 |0 (DE-627)601615247 |0 (DE-576)307166481 |4 aut | |
| 245 | 1 | 4 | |a The Victorian artist |b artists' lifewritings in Britain, ca. 1870-1910 |c Julie F. Codell |
| 250 | |a 1. publ. | ||
| 263 | |a : £60.00 : CIP entry (May) | ||
| 264 | 1 | |a Cambridge, UK [u.a.] |b Cambridge Univ. Press |c 2003 | |
| 300 | |a XIII, 376 S |b Ill |c 24 cm | ||
| 336 | |a Text |b txt |2 rdacontent | ||
| 337 | |a ohne Hilfsmittel zu benutzen |b n |2 rdamedia | ||
| 338 | |a Band |b nc |2 rdacarrier | ||
| 500 | |a Includes bibliographical references and index | ||
| 520 | |a Literaturverz. S. 341 - 369 | ||
| 583 | 1 | |a Archivierung prüfen |c 20200919 |f DE-640 |z 3 |2 pdager | |
| 583 | 1 | |a Archivierung/Langzeitarchivierung gewährleistet |f SSG |x XA-DE-BW |2 pdager |5 DE-16 | |
| 650 | 0 | |a Artists |x Biography |x History and criticism |x Great Britain | |
| 650 | 0 | |a Art, Victorian |x Great Britain | |
| 650 | 0 | |a Art, British |x 19th century | |
| 650 | 0 | |a Artists |x Great Britain |x Biography |x History and criticism | |
| 651 | 0 | |a Great Britain |x Biography |x History and criticism | |
| 655 | 7 | |a Bibliografie |0 (DE-588)4006432-3 |0 (DE-627)104814519 |0 (DE-576)208865578 |2 gnd-content | |
| 689 | 0 | 0 | |d g |0 (DE-588)4022153-2 |0 (DE-627)104665513 |0 (DE-576)208942076 |a Großbritannien |2 gnd |
| 689 | 0 | 1 | |d s |0 (DE-588)4033423-5 |0 (DE-627)106257307 |0 (DE-576)209001941 |a Künstler |2 gnd |
| 689 | 0 | 2 | |d s |0 (DE-588)4312083-0 |0 (DE-627)124259804 |0 (DE-576)211142077 |a Biografische Literatur |2 gnd |
| 689 | 0 | 3 | |a z |2 gnd |a Geschichte 1870-1910 |
| 689 | 0 | |5 DE-101 | |
| 689 | 1 | 0 | |d s |0 (DE-588)4014777-0 |0 (DE-627)106338749 |0 (DE-576)208909400 |a Englisch |2 gnd |
| 689 | 1 | 1 | |d s |0 (DE-588)4003939-0 |0 (DE-627)106388258 |0 (DE-576)208853251 |a Autobiografie |2 gnd |
| 689 | 1 | 2 | |d s |0 (DE-588)4033423-5 |0 (DE-627)106257307 |0 (DE-576)209001941 |a Künstler |2 gnd |
| 689 | 1 | 3 | |a z |2 gnd |a Geschichte 1870-1910 |
| 689 | 1 | |5 DE-101 | |
| 689 | 2 | 0 | |d s |0 (DE-588)4014777-0 |0 (DE-627)106338749 |0 (DE-576)208909400 |a Englisch |2 gnd |
| 689 | 2 | 1 | |d s |0 (DE-588)4006804-3 |0 (DE-627)104213493 |0 (DE-576)208867147 |a Biografie |2 gnd |
| 689 | 2 | 2 | |d s |0 (DE-588)4033423-5 |0 (DE-627)106257307 |0 (DE-576)209001941 |a Künstler |2 gnd |
| 689 | 2 | 3 | |a z |2 gnd |a Geschichte 1870-1910 |
| 689 | 2 | |5 DE-101 | |
| 689 | 3 | 0 | |d g |0 (DE-588)4022153-2 |0 (DE-627)104665513 |0 (DE-576)208942076 |a Großbritannien |2 gnd |
| 689 | 3 | 1 | |d s |0 (DE-588)4033423-5 |0 (DE-627)106257307 |0 (DE-576)209001941 |a Künstler |2 gnd |
| 689 | 3 | 2 | |d s |0 (DE-588)4312083-0 |0 (DE-627)124259804 |0 (DE-576)211142077 |a Biografische Literatur |2 gnd |
| 689 | 3 | 3 | |a z |2 gnd |a Geschichte 1870-1910 |
| 689 | 3 | |5 (DE-627) | |
| 689 | 4 | 0 | |d s |0 (DE-588)4014777-0 |0 (DE-627)106338749 |0 (DE-576)208909400 |a Englisch |2 gnd |
| 689 | 4 | 1 | |d s |0 (DE-588)4003939-0 |0 (DE-627)106388258 |0 (DE-576)208853251 |a Autobiografie |2 gnd |
| 689 | 4 | 2 | |d s |0 (DE-588)4006804-3 |0 (DE-627)104213493 |0 (DE-576)208867147 |a Biografie |2 gnd |
| 689 | 4 | 3 | |d s |0 (DE-588)4033423-5 |0 (DE-627)106257307 |0 (DE-576)209001941 |a Künstler |2 gnd |
| 689 | 4 | 4 | |a z |2 gnd |a Geschichte 1870-1910 |
| 689 | 4 | |5 (DE-627) | |
| 787 | 0 | 8 | |i Rezensiert in |a Korzilius, Marion |t [Rezension von: Julie F. Codell, The Victorian artist] |d 2004 |w (DE-627)1919807330 |
| 856 | 4 | 2 | |u https://swbplus.bsz-bw.de/bsz105687731rez.htm |m V:DE-576 |v 2005-06-07 |3 Rezension |7 1 |
| 856 | 4 | 2 | |u http://www.sehepunkte.de/2004/03/3594.html |m V:DE-576;X:Sehepunkte |q text/html |v 20180424122851 |3 Rezension |7 1 |
| 856 | 4 | 2 | |u http://www.loc.gov/catdir/samples/cam034/2002074196.html |x Verlag |y Sample text |7 1 |
| 856 | 4 | 2 | |u http://www.loc.gov/catdir/description/cam031/2002074196.html |x Verlag |y Publisher description |7 1 |
| 856 | 4 | 2 | |u http://www.loc.gov/catdir/toc/cam031/2002074196.html |x Verlag |y Table of contents |7 1 |
| 889 | |w (DE-627)723800561 | ||
| 935 | |i Blocktest | ||
| 936 | r | v | |a HL 1401 |b Sonstige Gattungen |k Anglistik. Amerikanistik |k Englische Literatur |k 19. Jahrhundert (1770/1800-1890/1900) |k Literaturgeschichte |k Geschichte einzelner Gattungen |k Sonstige Literatur |k Sonstige Gattungen |0 (DE-627)127150989X |0 (DE-625)rvk/50444: |0 (DE-576)20150989X |
| 936 | r | v | |a LO 50090 |b 19. Jahrhundert sowie 19. und 20. Jahrhundert |k Kunstgeschichte |k Kunst nach Ländern bzw. Kontinenten |k Großbritannien, Irland |k Britische und irische Kunstgeschichte nach Epochen |k 19. Jahrhundert sowie 19. und 20. Jahrhundert |0 (DE-627)1271248549 |0 (DE-625)rvk/103757: |0 (DE-576)201248549 |
| 936 | b | k | |a 18.05 |j Englische Literatur |0 (DE-627)10640539X |
| 936 | b | k | |a 17.84 |j Sonstige literarische Gattungen |0 (DE-627)181571692 |
| 936 | b | k | |a 20.10 |j Kunst und Gesellschaft |0 (DE-627)106406256 |
| 951 | |a BO | ||
| 990 | |a Großbritannien | ||
| 990 | |a Künstler | ||
| 990 | |a Biografische Literatur | ||
| 990 | |a Geschichte 1870-1910 | ||
| 990 | |a Englisch | ||
| 990 | |a Autobiografie | ||
| 990 | |a Künstler | ||
| 990 | |a Geschichte 1870-1910 | ||
| 990 | |a Englisch | ||
| 990 | |a Biografie | ||
| 990 | |a Künstler | ||
| 990 | |a Geschichte 1870-1910 | ||
| 990 | |a Großbritannien | ||
| 990 | |a Künstler | ||
| 990 | |a Biografische Literatur | ||
| 990 | |a Geschichte 1870-1910 | ||
| 990 | |a Englisch | ||
| 990 | |a Autobiografie | ||
| 990 | |a Biografie | ||
| 990 | |a Künstler | ||
| 990 | |a Geschichte 1870-1910 | ||
| 991 | |a Rezensiertes Werk | ||
| 999 | |a KXP-PPN352172185 |e 4988415473 | ||


